[Event "Florianopolis op 9th"]
[Site "Florianopolis"]
[Date "2023.01.24"]
[Round "2"]
[White "Da Luz, Fabio Rodolfo"]
[Black "Fernandes Filho, Bergson Fragoso"]
[Result "0-1"]
[WhiteElo "1373"]
[BlackElo "2113"]
[PlyCount "66"]
[EventDate "2023.01.23"]
[EventType "swiss"]
[EventRounds "10"]
[EventCountry "BRA"]
[SourceTitle "CBM 212 Extra"]
[Source "ChessBase"]
[SourceDate "2023.03.31"]
[SourceVersion "1"]
[SourceVersionDate "2023.03.31"]
[SourceQuality "1"]

1. d4 e6 2. Nf3 c5 3. c3 d5 4. Bf4 Nc6 5. e3 Nf6 6. Bb5 Bd7 7. Nbd2 Be7 8. Qe2 0-0 9. Bd3 Re8 10. h4 h6 11. Ng5 Bf8 12. Ndf3 Ng4 13. Ne5 Ngxe5 14. dxe5 b5 15. Nf3 g6 16. g4 Bg7 17. g5 h5 18. Qc2 Ne7 19. Qe2 Rb8 20. b3 a5 21. c4 dxc4 22. bxc4 a4 23. 0-0 Qc7 24. Qc2 Bc6 25. e4 Red8 26. Rfd1 Qb7 27. Be3 Rxd3 28. Rxd3 Bxe4 29. Qd2 Bxd3 30. Qxd3 Qxf3 31. Qd7 Nf5 32. Bxc5 Nxh4 33. Kf1 Qh1+ 0-1

[Event "Florianopolis op 9th"]
[Site "Florianopolis"]
[Date "2023.01.23"]
[Round "1"]
[White "Lima, Stefan Moisei Vieir"]
[Black "Da Luz, Fabio Rodolfo"]
[Result "1-0"]
[WhiteElo "1991"]
[BlackElo "1373"]
[PlyCount "61"]
[EventDate "2023.01.23"]
[EventType "swiss"]
[EventRounds "10"]
[EventCountry "BRA"]
[SourceTitle "CBM 212 Extra"]
[Source "ChessBase"]
[SourceDate "2023.03.31"]
[SourceVersion "1"]
[SourceVersionDate "2023.03.31"]
[SourceQuality "1"]

1. e4 e5 2. Nf3 Nc6 3. Bb5 a6 4. Ba4 b5 5. Bb3 Nf6 6. 0-0 Bc5 7. Qe2 Nd4 8. Nxd4 Bxd4 9. c3 Bb6 10. d4 d6 11. Be3 0-0 12. dxe5 Bxe3 13. exf6 Bh6 14. fxg7 Bxg7 15. Nd2 Re8 16. f4 Bb7 17. Qh5 Rf8 18. Rae1 c5 19. Re3 Qb6 20. Rh3 h6 21. Kh1 c4 22. Bc2 Rad8 23. Nf3 d5 24. e5 d4 25. cxd4 Rxd4 26. Nxd4 Qxd4 27. Qf5 Re8 28. Qh7+ Kf8 29. Rg3 Ke7 30. Qxg7 Kd8 31. Rd1 1-0

[Event "Pan American-ch U1700"]
[Site "Timbo"]
[Date "2021.12.01"]
[Round "1"]
[White "Carmo, Jose Arlindo"]
[Black "Da Luz, Fabio Rodolfo"]
[Result "1-0"]
[WhiteElo "1637"]
[BlackElo "1381"]
[PlyCount "121"]
[EventDate "2021.12.01"]
[EventType "swiss"]
[EventRounds "9"]
[EventCountry "BRA"]
[SourceTitle "CBM 205 Extra"]
[Source "ChessBase"]
[SourceDate "2022.01.31"]
[SourceVersion "1"]
[SourceVersionDate "2022.01.31"]
[SourceQuality "1"]

1. e4 d5 2. exd5 Qxd5 3. Nf3 Nf6 4. Be2 e6 5. 0-0 c6 6. d4 b6 7. c4 Qd8 8. Nc3 Bb4 9. a3 Be7 10. b4 0-0 11. Qc2 Nbd7 12. Rd1 Bb7 13. Ne5 Qc7 14. Bf4 Qd8 15. Bf3 Qc8 16. Rd2 c5 17. Nxd7 Nxd7 18. Ne4 cxb4 19. Nd6 Bxd6 20. Bxd6 Re8 21. Bxb7 Qxb7 22. axb4 Nf6 23. f3 Rac8 24. Qd3 Rc6 25. Be5 Nd7 26. Bf4 Rcc8 27. Rda2 Ra8 28. c5 bxc5 29. dxc5 Red8 30. Qc4 Rdc8 31. Bd6 Nf6 32. b5 Nd5 33. c6 Qb6+ 34. Bc5 Qd8 35. Rxa7 Nb6 36. Qd4 Nd5 37. Rxa8 Rxa8 38. Ra7 Rxa7 39. Bxa7 Qa5 40. h3 h6 41. Qc5 Nc7 42. Bb6 Qe1+ 43. Kh2 Nd5 44. c7 Qe5+ 45. Kh1 Qe1+ 46. Kh2 Qe5+ 47. f4 Qxf4+ 48. Kg1 Nxb6 49. Qxb6 Qc1+ 50. Kh2 Qf4+ 51. Kg1 Qc1+ 52. Kf2 Qd2+ 53. Kf3 Qd5+ 54. Kf2 Qd2+ 55. Kg1 Qe1+ 56. Kh2 Qe5+ 57. Kh1 Qe1+ 58. Qg1 Qc3 59. b6 Qc6 60. Qb1 Qb7 61. Qd3 1-0

[Event "Santa Catarina State-ch 67th"]
[Site "Rio Negrinho"]
[Date "2021.10.24"]
[Round "6"]
[White "Da Luz, Fabio Rodolfo"]
[Black "Bueno Junior, Dorival"]
[Result "1-0"]
[WhiteElo "1386"]
[BlackElo "1399"]
[PlyCount "61"]
[EventDate "2021.10.21"]
[EventType "swiss"]
[EventRounds "7"]
[EventCountry "BRA"]
[SourceTitle "EXT 2023"]
[Source "ChessBase"]
[SourceDate "2022.10.05"]
[SourceVersion "1"]
[SourceVersionDate "2022.10.05"]
[SourceQuality "1"]

1. d4 d5 2. c4 c6 3. Nc3 Nf6 4. e3 Bf5 5. Nf3 Nbd7 6. Qb3 Qb6 7. Qd1 e6 8. a3 Qc7 9. Be2 e5 10. 0-0 e4 11. Nd2 h5 12. f4 h4 13. b4 h3 14. g3 g5 15. Nb3 dxc4 16. Bxc4 Bg4 17. Be2 Bf3 18. Bxf3 exf3 19. Qxf3 g4 20. Qe2 c5 21. bxc5 Qc6 22. e4 0-0-0 23. Rb1 Be7 24. Na5 Qc7 25. Nxb7 Nxc5 26. Nxc5 Rxd4 27. Qa6+ Kd8 28. Rb7 Bxc5 29. Qxf6+ Kc8 30. Rxc7+ Kxc7 31. Nb5+ 1-0

[Event "Timbo op"]
[Site "Timbo"]
[Date "2021.06.11"]
[Round "1"]
[White "Almeida Junior, Alvaro Alves de"]
[Black "Da Luz, Fabio Rodolfo"]
[Result "1-0"]
[WhiteElo "2133"]
[BlackElo "1417"]
[PlyCount "63"]
[EventDate "2021.06.11"]
[EventType "swiss"]
[EventRounds "6"]
[EventCountry "BRA"]
[SourceTitle "EXT 2022"]
[Source "ChessBase"]
[SourceDate "2021.10.06"]
[SourceVersion "1"]
[SourceVersionDate "2021.10.06"]
[SourceQuality "1"]

1. e4 d6 2. d4 Nf6 3. Nc3 g6 4. f4 Bg7 5. Nf3 0-0 6. Bd3 Nbd7 7. e5 dxe5 8. dxe5 Ne8 9. Be3 b6 10. Be4 Rb8 11. Nd4 Nc5 12. Nc6 Qxd1+ 13. Rxd1 Nxe4 14. Nxe4 Bb7 15. Nxb8 Bxe4 16. Nd7 Bxg2 17. Rg1 Be4 18. Nxf8 Kxf8 19. c3 f5 20. Rd8 e6 21. Ke2 Bc6 22. c4 Ke7 23. Rgd1 Bf8 24. b4 a6 25. a3 Kf7 26. Rc8 Be7 27. Rd2 Bb7 28. Rxc7 Nxc7 29. Rd7 Ke8 30. Rxc7 Be4 31. Bxb6 Bd8 32. Rc8 1-0

[Event "Sao Bento do Sul op 05"]
[Site "Sao Bento do Sul"]
[Date "2021.05.09"]
[Round "5"]
[White "Viliczinski, Maria Luiza"]
[Black "Da Luz, Fabio Rodolfo"]
[Result "0-1"]
[WhiteElo "1057"]
[BlackElo "1443"]
[PlyCount "46"]
[EventDate "2021.05.07"]
[EventType "swiss"]
[EventRounds "6"]
[EventCountry "BRA"]
[SourceTitle "EXT 2022"]
[Source "ChessBase"]
[SourceDate "2021.10.06"]
[SourceVersion "1"]
[SourceVersionDate "2021.10.06"]
[SourceQuality "1"]

1. d4 d5 2. c4 e6 3. Bf4 Nf6 4. Nc3 Bd6 5. Bxd6 Qxd6 6. e3 0-0 7. Bd3 b6 8. Nf3 a6 9. 0-0 Bb7 10. Qe2 Ne4 11. Nxe4 dxe4 12. Bxe4 Bxe4 13. Ng5 Bb7 14. Qh5 h6 15. Nf3 Nd7 16. Rac1 Nf6 17. c5 Qc6 18. cxb6 Nxh5 19. Rxc6 Bxc6 20. bxc7 Bxf3 21. gxf3 Rac8 22. Rc1 Rfe8 23. Rc5 Nf6 0-1

[Event "Florianopolis op 6th"]
[Site "Florianopolis"]
[Date "2020.01.20"]
[Round "1"]
[White "Kikuchi Cadilhac, Mariana Sawae"]
[Black "Da Luz, Fabio Rodolfo"]
[Result "1-0"]
[WhiteElo "1780"]
[BlackElo "1493"]
[PlyCount "65"]
[EventDate "2020.01.20"]
[EventType "swiss"]
[EventRounds "10"]
[EventCountry "BRA"]
[SourceTitle "CBM 194 Extra"]
[Source "ChessBase"]
[SourceDate "2020.03.31"]
[SourceVersion "1"]
[SourceVersionDate "2020.03.31"]
[SourceQuality "1"]

1. e4 d6 2. d4 g6 3. g3 Bg7 4. Bg2 Nf6 5. Ne2 0-0 6. 0-0 c6 7. Nbc3 Nbd7 8. h3 Nb6 9. Qd3 d5 10. e5 Nfd7 11. Nd1 f5 12. Nf4 Nb8 13. b3 e6 14. h4 Bh6 15. Nxe6 Qe7 16. Bxh6 Qxe6 17. Bxf8 Kxf8 18. Qe3 Na6 19. Qh6+ Kg8 20. h5 Bd7 21. Bf3 Rf8 22. Kg2 Nc8 23. Rh1 Be8 24. hxg6 Bxg6 25. Bh5 Rf7 26. Bxg6 Qxg6 27. Ne3 Ne7 28. Qxg6+ hxg6 29. Rh2 Rh7 30. Rxh7 Kxh7 31. a4 Nc7 32. c4 dxc4 33. bxc4 1-0

[Event "Teresina op 7th"]
[Site "Teresina"]
[Date "2019.08.04"]
[Round "6"]
[White "Da Luz, Fabio Rodolfo"]
[Black "Barros, Benone Gabriel Carv"]
[Result "0-1"]
[WhiteElo "1529"]
[BlackElo "1823"]
[PlyCount "56"]
[EventDate "2019.08.02"]
[EventType "swiss"]
[EventRounds "6"]
[EventCountry "BRA"]
[SourceTitle "EXT 2020"]
[Source "ChessBase"]
[SourceDate "2019.10.17"]
[SourceVersion "1"]
[SourceVersionDate "2019.10.17"]
[SourceQuality "1"]

1. d4 Nf6 2. c4 e6 3. Nf3 b6 4. e3 Bb4+ 5. Bd2 Be7 6. Be2 Bb7 7. 0-0 0-0 8. Nc3 d5 9. b3 Nbd7 10. Qc2 Rc8 11. cxd5 exd5 12. Bd3 c5 13. Ng5 h6 14. Nh7 Nxh7 15. Bxh7+ Kh8 16. Bd3 Nf6 17. Rfe1 Re8 18. Qc1 Ne4 19. Qd1 Nxd2 20. Qxd2 cxd4 21. Nb5 dxe3 22. fxe3 Bg5 23. Nxa7 Rc7 24. Qb4 Bxe3+ 25. Kh1 d4 26. Re2 Rc5 27. Nb5 Rh5 28. h3 Rxh3# 0-1

[Event "Piauiense-ch sf2"]
[Site "Teresina"]
[Date "2019.05.19"]
[Round "5.6"]
[White "Da Luz, Fabio Rodolfo"]
[Black "Luz, Christian Oliveira"]
[Result "0-1"]
[WhiteElo "1625"]
[BlackElo "1336"]
[PlyCount "33"]
[EventDate "2019.05.17"]
[EventType "swiss"]
[EventRounds "5"]
[EventCountry "BRA"]
[SourceTitle "EXT 2022"]
[Source "ChessBase"]
[SourceDate "2021.10.06"]
[SourceVersion "1"]
[SourceVersionDate "2021.10.06"]
[SourceQuality "1"]

1. e4 e5 2. Bc4 d6 3. Nf3 Bg4 4. Nc3 Nf6 5. d3 Be7 6. Bg5 0-0 7. 0-0 c6 8. Re1 Qc7 9. h3 Bh5 10. Ne2 Nbd7 11. Nh4 Rfe8 12. Qd2 Nc5 13. Ng3 Bg6 14. Nf3 Rad8 15. Nh4 Ncxe4 16. Nxe4 Nxe4 17. dxe4 0-1

[Event "Piauiense-ch sf2"]
[Site "Teresina"]
[Date "2019.05.18"]
[Round "3.9"]
[White "Da Luz, Fabio Rodolfo"]
[Black "Pacifico, Joao Paulo Alves"]
[Result "0-1"]
[WhiteElo "1625"]
[BlackElo "1191"]
[PlyCount "28"]
[EventDate "2019.05.17"]
[EventType "swiss"]
[EventRounds "5"]
[EventCountry "BRA"]
[SourceTitle "EXT 2022"]
[Source "ChessBase"]
[SourceDate "2021.10.06"]
[SourceVersion "1"]
[SourceVersionDate "2021.10.06"]
[SourceQuality "1"]

1. e4 e5 2. Bc4 Nf6 3. Nc3 Bc5 4. Nf3 d6 5. 0-0 0-0 6. d3 Bg4 7. Nd5 Nbd7 8. Bg5 h6 9. Be3 Nxd5 10. Bxc5 N5f6 11. Be3 c6 12. Qd2 Bxf3 13. gxf3 Nh5 14. Kh1 Qf6 0-1

[Event "Santa Ines Maranhese op 22nd"]
[Site "Santa Ines"]
[Date "2017.10.22"]
[Round "5"]
[White "Sousa, Luciana da Silva"]
[Black "Da Luz, Fabio Rodolfo"]
[Result "1/2-1/2"]
[WhiteElo "1677"]
[BlackElo "1667"]
[PlyCount "67"]
[EventDate "2017.10.20"]
[EventType "swiss"]
[EventRounds "5"]
[EventCountry "BRA"]
[SourceTitle "CBM 181 Extra"]
[Source "ChessBase"]
[SourceDate "2017.12.12"]
[SourceVersion "1"]
[SourceVersionDate "2017.12.12"]
[SourceQuality "1"]

1. e4 d6 2. Nf3 g6 3. Bc4 Bg7 4. h3 Nf6 5. Nc3 0-0 6. 0-0 c6 7. a3 Nbd7 8. d4 e5 9. Bg5 h6 10. Bh4 Qc7 11. dxe5 Nxe5 12. Nxe5 dxe5 13. Qf3 Nh5 14. Rad1 Nf4 15. Ne2 g5 16. Bg3 Kh7 17. Bxf4 exf4 18. b3 f5 19. Bd3 fxe4 20. Bxe4+ Bf5 21. Bxf5+ Rxf5 22. Qe4 Qe5 23. Qd3 Kh8 24. Nd4 Rf7 25. Rfe1 Qf6 26. Ne6 Re8 27. Nd8 Rfe7 28. Rxe7 Qxe7 29. Qd7 Bf6 30. Nxb7 Qf8 31. Qxc6 Re7 32. Rd8 Re1+ 33. Kh2 Bxd8 34. Qc3+ 1/2-1/2

[Event "Santa Ines Maranhese op 22nd"]
[Site "Santa Ines"]
[Date "2017.10.21"]
[Round "2"]
[White "Da Luz, Fabio Rodolfo"]
[Black "Lopes Silva, Jhonathan Pessoa"]
[Result "0-1"]
[WhiteElo "1667"]
[BlackElo "1760"]
[PlyCount "60"]
[EventDate "2017.10.20"]
[EventType "swiss"]
[EventRounds "5"]
[EventCountry "BRA"]
[SourceTitle "CBM 181 Extra"]
[Source "ChessBase"]
[SourceDate "2017.12.12"]
[SourceVersion "1"]
[SourceVersionDate "2017.12.12"]
[SourceQuality "1"]

1. d4 Nf6 2. Bf4 g6 3. Nf3 Bg7 4. e3 0-0 5. c3 d6 6. Bd3 Nbd7 7. Nbd2 Qe8 8. Qc2 b6 9. 0-0-0 Bb7 10. h4 e5 11. dxe5 dxe5 12. Bg3 e4 13. Bb5 exf3 14. Nxf3 c6 15. Bd3 Qe6 16. b3 Nc5 17. Bc4 Qe4 18. Qb2 Nd5 19. Nd4 b5 20. Bf1 Rfd8 21. c4 Nb4 22. Bc7 Rd7 23. Ba5 Ncd3+ 24. Bxd3 Nxd3+ 25. Rxd3 Qxd3 26. Rd1 Qe4 27. Bc3 Rdd8 28. Qe2 c5 29. f3 Qe8 30. Re1 cxd4 0-1

[Event "Luiz Rego Memorial 5th"]
[Site "Teresina"]
[Date "2017.08.06"]
[Round "6"]
[White "Da Luz, Fabio Rodolfo"]
[Black "De Souza, Francisco Ferreira"]
[Result "0-1"]
[WhiteElo "1796"]
[BlackElo "1653"]
[PlyCount "122"]
[EventDate "2017.08.04"]
[EventType "swiss"]
[EventRounds "6"]
[EventCountry "BRA"]
[SourceTitle "CBM 180 Extra"]
[Source "ChessBase"]
[SourceDate "2017.10.06"]
[SourceVersion "1"]
[SourceVersionDate "2017.10.06"]
[SourceQuality "1"]

1. d4 Nf6 2. Bf4 g6 3. e3 Bg7 4. c3 b6 5. Nd2 Bb7 6. Ngf3 d6 7. Bd3 0-0 8. Qc2 Nbd7 9. 0-0-0 c5 10. h3 cxd4 11. exd4 Nd5 12. Bg3 Rc8 13. Kb1 Nb4 14. Qb3 Nxd3 15. c4 N3c5 16. dxc5 Nxc5 17. Qc2 Qd7 18. Rhe1 Rfe8 19. b3 b5 20. Ng5 bxc4 21. Nxc4 Qb5 22. Bxd6 Na4 23. Be5 Bxe5 24. Rxe5 Qxe5 25. Nxe5 Rxc2 26. Kxc2 Nc5 27. Ngf3 e6 28. Re1 Rc8 29. Kb1 Ne4 30. Nd3 a5 31. Nfe5 Nd2+ 32. Kb2 Bxg2 33. Re2 Nf3 34. Nxf3 Bxf3 35. Re5 Bd5 36. Nf4 Rc5 37. Nxd5 exd5 38. a3 Kg7 39. b4 axb4 40. axb4 Rb5 41. Kb3 Kf6 42. Re1 d4 43. Kc4 Rh5 44. Kxd4 Rxh3 45. b5 Rb3 46. Kc5 Rc3+ 47. Kb6 h5 48. Kb7 h4 49. b6 h3 50. Kb8 g5 51. b7 g4 52. Ka8 Ra3+ 53. Kb8 Rb3 54. Rc1 Kf5 55. Kc8 Rxb7 56. Kxb7 Kf4 57. Rc7 f5 58. Rf7 Ke4 59. Re7+ Kf3 60. Rf7 Kxf2 61. Rxf5+ Kg2 0-1

[Event "Teresina-ch"]
[Site "Teresina"]
[Date "2017.03.19"]
[Round "5"]
[White "Da Luz, Fabio Rodolfo"]
[Black "Carvalho, Lazaro Miranda"]
[Result "0-1"]
[WhiteElo "1790"]
[BlackElo "1899"]
[PlyCount "50"]
[EventDate "2017.03.16"]
[EventType "swiss"]
[EventRounds "6"]
[EventCountry "BRA"]
[SourceTitle "CBM 177 Extra"]
[Source "ChessBase"]
[SourceDate "2017.04.27"]
[SourceVersion "1"]
[SourceVersionDate "2017.04.27"]
[SourceQuality "1"]

1. d4 Nf6 2. Nf3 g6 3. Bf4 Bg7 4. e3 0-0 5. c3 d5 6. Bd3 h6 7. Nbd2 Re8 8. Qc2 Nbd7 9. h4 c5 10. Qb1 cxd4 11. exd4 Nh5 12. Be3 e5 13. Nxe5 Nxe5 14. dxe5 Rxe5 15. Nf3 Re8 16. 0-0 Kh7 17. Qc2 Bg4 18. Nh2 Qxh4 19. Nxg4 Qxg4 20. Be2 Qh4 21. Rad1 Be5 22. f4 Nxf4 23. Bxf4 Bxf4 24. Rd3 Bh2+ 25. Kh1 Bg3+ 0-1